LEADER 01236nam a2200397 i 4500 001 991000671309707536 005 20020507172047.0 008 931027s1988 us ||| | eng 020 $a0821815296 035 $ab10740995-39ule_inst 035 $aLE01300479$9ExL 040 $aDip.to Matematica$beng 082 0 $a515.2433 084 $aAMS 03E10 084 $aAMS 22D25 084 $aAMS 22D40 084 $aAMS 22E15 084 $aAMS 22E25 084 $aAMS 43-02 084 $aAMS 43-XX 084 $aAMS 43A07 084 $aAMS 47H10 084 $aQA403.P37 100 1 $aPaterson, Alan L. T.$058121 245 10$aAmenability /$cAlan L. T. Paterson 260 $aProvidence, R.I. :$bAmerican Mathematical Society,$c1988 300 $axvii, 452 p. ;$c25 cm 490 0 $aMathematical surveys and monographs,$x0076-5376 ;$v29 650 0$aHarmonic analysis 650 0$aLocally compact groups 907 $a.b10740995$b23-02-17$c28-06-02 912 $a991000671309707536 945 $aLE013 43-XX PAT11 (1988)$g1$i2013000004396$lle013$o-$pE0.00$q-$rl$s- $t0$u0$v0$w0$x0$y.i10832038$z28-06-02 996 $aAmenability$9380060 997 $aUNISALENTO 998 $ale013$b01-01-93$cm$da $e-$feng$gus $h0$i1 LEADER 04325oas 2201105 a 450 001 9910304545403321 005 20260218112208.0 011 $a1881-3054 035 $a(OCoLC)180765860 035 $a(CONSER) 2023237128 035 $a(CKB)1000000000289487 035 $a(DE-599)ZDB2395570-3 035 $a(DE-599)2395570-3 035 $a(EXLCZ)991000000000289487 100 $a20071106a20079999 sy 101 0 $aeng 135 $aurcn||||||||| 181 $ctxt$2rdacontent 182 $cc$2rdamedia 183 $acr$2rdacarrier 200 00$aJournal of advanced mechanical design, systems, and manufacturing 210 $aTokyo, Japan $cJapan Society of Mechanical Engineers$d[2007-] 215 $a1 online resource $cillustrations 300 $aEdited and managed by five divisions of the Japan Society of Mechanical Engineers (JSME): Machine Design and Tribology; Design and Systems; Manufacturing and Machine Tool; Manufacturing Systems; and Information, Intelligence, and Precision Equipments. 330 $a"Journal of Advanced Mechanical Design, Systems and Manufacturing (JAMDSM), founded in 2005 by five divisions of the Japan Society of Mechanical Engineers (JSME) such as Machine Design and Tribology Division, Design and Systems Division, Manufacturing and Machine Tool Division, Manufacturing Systems Division and Information, Intelligence and Precision Equipments Division, is an international peer-reviewed online journal that provides academia and world-leading industry with high quality research papers and reviews in manufacturing. Areas of interest to the journal include : machine elements design, tribology ; design ; manufacturing and machine tool ; manufacturing systems and industrial engineering ; information equipment, precision equipment and their elements technology ; MEMS, micro / nano system science ; medical / welfare applications, machine intelligence."--$ctaken from Foreword from publisher web site viewed May 30, 2023. 517 3 $aJAMDSM 606 $aIndustrial engineering$vPeriodicals 606 $aProduction engineering$vPeriodicals 606 $aMechanical engineering$vPeriodicals 606 $aEngineering design$vPeriodicals 606 $aTribology$vPeriodicals 606 $aArtificial intelligence$vPeriodicals 606 $aGe?nie industriel$vPe?riodiques 606 $aTechnique de la production$vPe?riodiques 606 $aGe?nie me?canique$vPe?riodiques 606 $aConception technique$vPe?riodiques 606 $aTribologie (Technologie)$vPe?riodiques 606 $aIntelligence artificielle$vPe?riodiques 606 $aIndustrial engineering$2fast$3(OCoLC)fst00970992 606 $aProduction engineering$2fast$3(OCoLC)fst01078282 608 $aPeriodical. 608 $aperiodicals.$2aat 608 $aPeriodicals.$2fast 608 $aZeitschrift$2gnd-content 608 $aPeriodicals.$2lcgft 608 $aPe?riodiques.$2rvmgf 615 0$aIndustrial engineering 615 0$aProduction engineering 615 0$aMechanical engineering 615 0$aEngineering design 615 0$aTribology 615 0$aArtificial intelligence 615 6$aGe?nie industriel 615 6$aTechnique de la production 615 6$aGe?nie me?canique 615 6$aConception technique 615 6$aTribologie (Technologie) 615 6$aIntelligence artificielle 615 7$aIndustrial engineering. 615 7$aProduction engineering. 676 $a621 686 $a600$a900$2zdbs 712 02$aNihon Kikai Gakkai 801 0$bDLM 801 1$bDLM 801 2$bOCLCS 801 2$bOCLCQ 801 2$bQE2 801 2$bHEBIS 801 2$bAU@ 801 2$bDEBBG 801 2$bGWDNB 801 2$bOCLCQ 801 2$bGBVCP 801 2$bOCLCO 801 2$bOCLCF 801 2$bOCLCO 801 2$bOCLCQ 801 2$bDEBSZ 801 2$bVDB 801 2$bLVT 801 2$bOCLCO 801 2$bOCLCQ 801 2$bCNTRU 801 2$bOCLCO 801 2$bOCLCQ 801 2$bCUV 801 2$bOCLCL 801 2$bOCLCQ 801 2$bOCLCL 801 2$bOCLCQ 906 $aJOURNAL 912 $a9910304545403321 996 $aJournal of advanced mechanical design, systems, and manufacturing$92001238 997 $aUNINA